000 00347 a2200157 4500
001 51973
020 _a
040 _cAnchieta - Pituba
100 _aMara Porto
240 1 0 _a1ª Português, I unidade
_lpor
245 1 0 _a1ª Português, I unidade
300 _a6
362 0 _a2012
650 4 _aLínguas espanhola e portuguesa
942 _cBK
999 _c51973
_d51973